000 00526nam a2200169 a 4500
001 000039250
005 20201002031549.0
008 101014s1961 sp a 000 0 spa d
020 _a8423988112
040 _aDO-SdBNP
_bspa
_cBNPHU
082 _axxxx
_bD724j
100 1 _aDosteyevski, Fedor
_965454
245 1 0 _aEl jugador /
_cFedor Dostoyevski ; ilustración Jaime Azpelicueta.
260 _aBarcelona :
_bEditoria Juventud,
_c1961.
300 _a206 p. ;
_c21 cm.
563 _aVarias obras empaginadas en pƔginas continuas
999 _c38740
_d38740